| 000 | 00671nam a22002177a 4500 | ||
|---|---|---|---|
| 005 | 20250910065951.0 | ||
| 008 | 250910b |||||||| |||| 00| 0 eng d | ||
| 020 | _a9788198823854 | ||
| 040 |
_aIN-DiNC _cIN-DiNC |
||
| 041 | _dasm | ||
| 082 |
_a371.26 _bCHA |
||
| 100 |
_aChaliha, Beda Kumar _eauthor |
||
| 245 |
_aShaikshik parimapan aru mulyayan (Major11) _cby Beda Kumar Chaliha, Tarun Saikia and Runu Bora Saikia |
||
| 250 | _a1st ed. | ||
| 260 |
_aJorhat: _bBidya bhawan, _c2025. |
||
| 300 | _a472p. | ||
| 650 | _aMeasurement and evaluation in education (Major11) | ||
| 700 |
_aSaikia, Tarun _eauthor |
||
| 700 |
_aSaikia, Runu Bora _eauthor |
||
| 942 |
_2ddc _cBK |
||
| 999 |
_c12250 _d12250 |
||